000
00309nam a22001337a 4500
003
SGT
020
_a
9780199469321
082
_a
657.95
_b
BHAT
100
_a
BHATTACHARYYA, ASISH K.
245
_a
CORPORATE GOVERNANCE IN INDIA
260
_b
OXFORD UNIVERSITY PRESS
_c
2016
300
_a
309
942
_2
ddc
_c
BK
_0
2
999
_c
16320
_d
16320